Skryté príbehy sčítania

Saved in:
Bibliographic Details
Format: Book
Language:Slovak
Published: Bratislava Štatistický úrad Slovenskej republiky [2024]
Subjects:
Tags: Add Tag
No Tags, Be the first to tag this record!

MARC

LEADER 00000nam a2200000 4500
001 0306686
005 20250213085637.8
020 |a 978-80-8121-995-5 
020 |a 978-80-8121-986-3 
041 0 |a slo 
044 |a SK 
245 1 0 |a Skryté príbehy sčítania 
264 1 |a Bratislava  |b Štatistický úrad Slovenskej republiky  |c [2024] 
300 |a 22 s. 
610 2 0 |a údaje štatistické 
610 2 0 |a populácia 
610 2 0 |a demografia 
610 2 0 |a obyvateľstvo